Do you want to build a snowman? - Statistics

General Stats
  • This quiz has been taken 5 times
  • The average score is 21 of 30
Answer Stats
% Correct
100%
100%
100%
100%
100%
100%
100%
100%
100%
100%
100%
75%
75%
75%
75%
50%
50%
50%
50%
50%
50%
50%
50%
50%
50%
50%
25%
25%
25%
25%
No matching quizzes found
Score Distribution
Percent of People with Each Score
Percentile by Number Answered
Your Score History
You have not taken this quiz